000 00845nam a2200253 i 4500
001 C2-0340550
003 PPAK
005 20180728142436.0
008 170130s2016 my a|||| ||||| | eng d
020 _a9789834608101
040 _aPPAK
_beng
_cPPAK
_erda
082 0 4 _a746.4409595
_223
090 0 0 _a746.4409595
_bNOR
_dR
100 0 _aNorwani Md. Nawawi,
_d1957-
_eauthor
245 1 0 _aIkat limar :
_bthe ancient malay textile
264 1 _aKuala Lumpur :
_bDewan Bahasa dan Pustaka ,
_c2016
300 _axxxvi, 188 pages :
_bcolour photographs ;
_c26 cm
336 _2rdacontent
_atext
337 _2rdamedia
_aunmediated
338 _2rdacarrier
_avolume
500 _aIncludes glossary ; Bibliography pages : 179-184
650 1 0 _aTextile fabric, ancient. ; Textile fabrics - Malaysia. ; Weaving. ; Embroidery.
942 _ddc
_cB
999 _c137698
_d137698